| 000 -CABECERA |
| campo de control de longitud fija |
00839nam a2200229 4500 |
| 005 - FECHA Y HORA DE LA ÚLTIMA TRANSACCIÓN |
| campo de control |
20210914235040.0 |
| 008 - DATOS DE LONGITUD FIJA--INFORMACIÓN GENERAL |
| campo de control de longitud fija |
210914s1976 pe |||er|||| 001 0 spa d |
| 040 ## - FUENTE DE LA CATALOGACIÓN |
| Centro catalogador/agencia de origen |
CENDOC CAAAP |
| Lengua de catalogación |
spa |
| Centro/agencia transcriptor |
CAAAP |
| 041 ## - CÓDIGO DE LENGUA |
| Código de lengua del texto/banda sonora o título independiente |
spa |
| 050 ## - SIGNATURA TOPOGRÁFICA DE LA BIBLIOTECA DEL CONGRESO |
| Número de clasificación |
HD 9560.1 |
| Número de documento/Ítem |
.R91 |
| 100 1# - ENTRADA PRINCIPAL--NOMBRE DE PERSONA |
| 9 (RLIN) |
1999 |
| Nombre personal |
Rubio Correa, Marcial |
| 245 1# - MENCIÓN DE TÍTULO |
| Título |
OPEP : |
| Subtitulo |
imperialismo y tercer mundo / |
| Mención de responsabilidad, etc. |
Marcial Rubio Correa |
| 250 ## - MENCIÓN DE EDICIÓN |
| Mención de edición |
1ra ed. |
| 260 ## - PUBLICACIÓN, DISTRIBUCIÓN, ETC. |
| Lugar de publicación, distribución, etc. |
Lima: |
| Nombre del editor, distribuidor, etc. |
DESCO, |
| Fecha de publicación, distribución, etc. |
1976 |
| 300 ## - DESCRIPCIÓN FÍSICA |
| Extensión |
159 p. |
| 505 ## - NOTA DE CONTENIDO CON FORMATO |
| Nota de contenido con formato |
Contiene : Historia del petróleo internacional --- ¿Por qué sucedió? --Las consecuencias --¿Qué va a pasar en el futuro? -- OPEP y la comercialización internacional de materias primas. |
| 650 10 - PUNTO DE ACCESO ADICIONAL DE MATERIA--TÉRMINO DE MATERIA |
| 9 (RLIN) |
1654 |
| Término de materia o nombre geográfico como elemento de entrada |
Industria Petrolera |
| 650 20 - PUNTO DE ACCESO ADICIONAL DE MATERIA--TÉRMINO DE MATERIA |
| 9 (RLIN) |
1917 |
| Término de materia o nombre geográfico como elemento de entrada |
Países en Desarrollo |
| 650 20 - PUNTO DE ACCESO ADICIONAL DE MATERIA--TÉRMINO DE MATERIA |
| 9 (RLIN) |
711 |
| Término de materia o nombre geográfico como elemento de entrada |
Materias Primas |
| 650 20 - PUNTO DE ACCESO ADICIONAL DE MATERIA--TÉRMINO DE MATERIA |
| 9 (RLIN) |
994 |
| Término de materia o nombre geográfico como elemento de entrada |
Comercialización |
| 942 ## - ELEMENTOS PERSONALIZADOS KOHA |
| Fuente del sistema de clasificación o colocación |
|
| Fecha de catalogación |
15 - 09 - 21 |
| Tipo de ítem Koha |
Libros |